The Geography Test - Statistics

General Stats
  • This quiz has been taken 52 times
  • The average score is 43 of 45
Answer Stats
Question Tile Select % Correct
the countries located in Asia: Bolivia No
98%
the countries located in North America: Brunei No
98%
the countries located in North America: Cyprus No
98%
the countries located in Asia: Latvia No
98%
the countries located in Asia: Libya No
98%
the countries located in Asia: Rwanda No
98%
the countries located in Asia: Syria Yes
98%
the countries located in Asia: Taiwan Yes
98%
the countries located in Africa: Angola Yes
96%
the countries located in Europe: Belgium Yes
96%
the countries located in Europe: Canada No
96%
the countries located in North America: Costa Rica Yes
96%
the countries located in South America: Ecuador Yes
96%
the countries located in North America: Haiti Yes
96%
the countries located in Europe: Ireland Yes
96%
the countries located in Europe: Kiribati No
96%
the countries located in South America: Laos No
96%
the countries located in Asia: Myanmar Yes
96%
the countries located in South America: Nepal No
96%
the countries located in South America: Paraguay Yes
96%
the countries located in Africa: Portugal No
96%
the countries located in South America: Serbia No
96%
the countries located in Europe: Slovakia Yes
96%
the countries located in North America: Togo No
96%
the countries located in North America: Tonga No
96%
the countries located in Africa: Uruguay No
96%
the countries located in Asia: Uzbekistan Yes
96%
the countries located in Europe: Yemen No
96%
the countries located in Africa: Armenia No
94%
the countries located in South America: Chile Yes
94%
the countries located in Africa: Ethiopia Yes
94%
the countries located in Africa: Gabon Yes
94%
the countries located in Africa: Liechtenstein No
94%
the countries located in Europe: Moldova Yes
94%
the countries located in Europe: Mongolia No
94%
the countries located in Africa: Bhutan No
92%
the countries located in South America: Colombia Yes
92%
the countries located in North America: Guatemala Yes
92%
the countries located in Asia: Kuwait Yes
92%
the countries located in Europe: Montenegro Yes
92%
the countries located in South America: Suriname Yes
92%
the countries located in Africa: Cape Verde Yes
90%
the countries located in South America: Guyana Yes
86%
the countries located in North America: Grenada Yes
84%
the countries located in North America: Saint Lucia Yes
84%
No matching quizzes found
Score Distribution
Percent of People with Each Score
Percentile by Number Answered
Your Score History
You have not taken this quiz